[Event "SVK-chT2C 1617"]
[Site "Slovakia"]
[Date "2016.10.09"]
[Round "2.6"]
[White "Vrchovsky, Viliam"]
[Black "Gajdosik, Vladislav"]
[Result "1-0"]
[WhiteElo "2003"]
[BlackElo "1973"]
[PlyCount "117"]
[EventDate "2016.10.08"]
[EventType "team-tourn"]
[EventRounds "11"]
[EventCountry "SVK"]
[SourceTitle "CBM 175 Extra"]
[Source "ChessBase"]
[SourceDate "2016.12.12"]
[SourceVersion "1"]
[SourceVersionDate "2016.12.12"]
[SourceQuality "1"]
[WhiteTeam "Dunajov Inbest II"]
[BlackTeam "Banska Bystrica Veza"]
[WhiteTeamCountry "SVK"]
[BlackTeamCountry "SVK"]

1. e4 e5 2. Nf3 Nc6 3. Bb5 a6 4. Bxc6 dxc6 5. d3 Bd6 6. Nbd2 Ne7 7. Nc4 Ng6 8. h4 h5 9. Be3 Bg4 10. Qd2 Bxf3 11. gxf3 Nxh4 12. Ke2 Qf6 13. Rh3 Ng2 14. Rg1 Nxe3 15. Qxe3 g6 16. Kd1 b6 17. Qd2 0-0-0 18. Qc3 Kb7 19. f4 Qxf4 20. Ke2 Qf6 21. Qb3 Ka7 22. Rf3 Qe6 23. Nxd6 Rxd6 24. Rxf7 Qxb3 25. axb3 Kb7 26. Re7 Rf8 27. Rxe5 Rdf6 28. Rg2 h4 29. Reg5 h3 30. Rh2 Kc8 31. Rg3 Kd7 32. Rgxh3 c5 33. Rh7+ Kd6 34. Rg7 R8f7 35. Rxf7 Rxf7 36. Rg2 Rg7 37. f4 Ke7 38. Ke3 Kf6 39. Rg5 Rd7 40. c3 c6 41. d4 cxd4+ 42. cxd4 a5 43. Re5 Ra7 44. d5 cxd5 45. Rxd5 Ke6 46. Rb5 Rb7 47. Kf3 Kf6 48. Kg4 Rb8 49. e5+ Kf7 50. Kg5 Rb7 51. Rd5 b5 52. Rd6 a4 53. Rxg6 axb3 54. f5 Rc7 55. e6+ Kf8 56. f6 Rc5+ 57. Kf4 Rc2 58. f7 Ke7 59. Rg8 1-0

[Event "SVK-chT2C 1314"]
[Site "Slovakia"]
[Date "2014.03.16"]
[Round "11.6"]
[White "Kekely, Lubos"]
[Black "Gajdosik, Vladislav"]
[Result "1-0"]
[WhiteElo "2098"]
[BlackElo "2010"]
[PlyCount "55"]
[EventDate "2013.10.19"]
[EventType "team-tourn"]
[EventRounds "11"]
[EventCountry "SVK"]
[SourceTitle "EXT 2015"]
[Source "ChessBase"]
[SourceDate "2014.11.20"]
[SourceVersion "1"]
[SourceVersionDate "2014.11.20"]
[SourceQuality "1"]
[WhiteTeam "Zilina DMS"]
[BlackTeam "Banska Bystrica Veza"]
[WhiteTeamCountry "SVK"]
[BlackTeamCountry "SVK"]

1. e4 c5 2. Nf3 d6 3. d4 cxd4 4. Nxd4 Nf6 5. Nc3 a6 6. Be2 g6 7. Be3 Bg7 8. f3 0-0 9. Qd2 Nc6 10. 0-0-0 Bd7 11. g4 Rc8 12. h4 Ne5 13. h5 Nc4 14. Bxc4 Rxc4 15. hxg6 fxg6 16. Bh6 Nxe4 17. Nxe4 Rxd4 18. Qh2 Rxd1+ 19. Kxd1 Rf7 20. Ng5 Qf8 21. Nxh7 Qe8 22. Bxg7 Kxg7 23. Ng5 Bc6 24. Ne6+ Kf6 25. Re1 Bxf3+ 26. Kd2 Bxg4 27. Qf4+ Bf5 28. Qd4# 1-0

[Event "SVK-chT2C 1213"]
[Site "Slovakia"]
[Date "2012.12.02"]
[Round "4.7"]
[White "Gajdosik, Vladislav"]
[Black "Soltys, Peter"]
[Result "1-0"]
[WhiteElo "1995"]
[BlackElo "1863"]
[PlyCount "33"]
[EventDate "2012.10.13"]
[EventType "team-tourn"]
[EventRounds "11"]
[EventCountry "SVK"]
[SourceTitle "EXT 2015"]
[Source "ChessBase"]
[SourceDate "2014.11.20"]
[SourceVersion "1"]
[SourceVersionDate "2014.11.20"]
[SourceQuality "1"]
[WhiteTeam "Banska Bystrica Veza"]
[BlackTeam "Zilina Mladost II"]
[WhiteTeamCountry "SVK"]
[BlackTeamCountry "SVK"]

1. c4 e5 2. Nc3 Nf6 3. g3 c6 4. d4 exd4 5. Qxd4 Be7 6. Bg2 0-0 7. e4 c5 8. Qd1 Nc6 9. Nge2 d6 10. 0-0 Be6 11. b3 Nd7 12. Nd5 f5 13. Nef4 Nd4 14. Nxe6 Nxe6 15. exf5 Rxf5 16. Bh3 Re5 17. f4 1-0

[Event "SVK-chT2C 0910"]
[Site "Slovakia"]
[Date "2010.02.06"]
[Round "8.6"]
[White "Gajdosik, Vladislav"]
[Black "Turkova, Karolina"]
[Result "0-1"]
[WhiteElo "2010"]
[BlackElo "1861"]
[PlyCount "66"]
[EventDate "2009.10.10"]
[EventType "team-tourn"]
[EventRounds "11"]
[EventCountry "SVK"]
[SourceTitle "EXT 2011"]
[Source "ChessBase"]
[SourceDate "2010.11.26"]
[SourceVersion "1"]
[SourceVersionDate "2010.11.26"]
[SourceQuality "1"]
[WhiteTeam "Banska Bystrica CVC"]
[BlackTeam "Liptov Chess School II"]
[WhiteTeamCountry "SVK"]
[BlackTeamCountry "SVK"]

1. d4 d5 2. c4 c6 3. Nf3 Nf6 4. Nc3 e6 5. e3 Nbd7 6. Qc2 Bd6 7. e4 dxe4 8. Ng5 h6 9. Ngxe4 Be7 10. Bf4 0-0 11. 0-0-0 Qa5 12. Nd2 a6 13. Bd3 b5 14. Nb3 Qd8 15. c5 a5 16. Qe2 a4 17. Nd2 Qa5 18. a3 Bb7 19. g4 Rfe8 20. g5 hxg5 21. Bxg5 Bf8 22. Rhg1 e5 23. Qf3 exd4 24. Bxf6 Nxf6 25. Qxf6 dxc3 26. Rxg7+ Bxg7 27. Qh4 cxd2+ 28. Rxd2 Re5 29. Rd1 Re1 30. Qh7+ Kf8 31. Bc2 Rxd1+ 32. Bxd1 Rd8 33. Bc2 Qe1+ 0-1

[Event "SVK-chT2C 0708"]
[Site "Slovakia"]
[Date "2008.03.08"]
[Round "10.5"]
[White "Lednicky, Martin"]
[Black "Gajdosik, Vladislav"]
[Result "1-0"]
[WhiteElo "2204"]
[BlackElo "2097"]
[PlyCount "123"]
[EventDate "2007.10.06"]
[EventType "team-tourn"]
[EventRounds "11"]
[EventCountry "SVK"]
[SourceTitle "EXT 2010"]
[Source "ChessBase"]
[SourceDate "2010.11.25"]
[SourceVersion "1"]
[SourceVersionDate "2010.11.25"]
[SourceQuality "1"]
[WhiteTeam "Zilina Mladost II"]
[BlackTeam "Banska Bystrica CVC"]
[WhiteTeamCountry "SVK"]
[BlackTeamCountry "SVK"]

1. e4 c5 2. Na3 Nc6 3. Bb5 Nd4 4. Ba4 e5 5. c3 Nc6 6. Nf3 Nf6 7. d3 d6 8. Nc4 h6 9. 0-0 Be6 10. Ne3 a6 11. h3 b5 12. Bc2 Qb6 13. Nh4 g6 14. f4 exf4 15. Rxf4 Bg7 16. Qf1 Nd7 17. Nhf5 Be5 18. Rf3 gxf5 19. exf5 0-0-0 20. a4 b4 21. fxe6 fxe6 22. Nc4 Qc7 23. d4 cxd4 24. cxb4 Nxb4 25. Bb3 d5 26. Nxe5 Nxe5 27. Rf6 Qg7 28. Bd2 Nbd3 29. Bc2 Rdf8 30. Bxd3 Rxf6 31. Bxa6+ Kd8 32. Ba5+ Ke7 33. Bb4+ Kf7 34. Qb5 Nf3+ 35. Kh1 Qg3 36. Qd7+ Kg8 37. Qe8+ Kg7 38. Qd7+ Rf7 39. Bd6 Qxh3+ 40. gxh3 Rxd7 41. Bg3 e5 42. Be2 Rf8 43. a5 d3 44. Bxd3 e4 45. Bb5 Rdd8 46. a6 d4 47. Bc6 e3 48. Kg2 Rc8 49. Bxf3 Rc2+ 50. Kg1 Rxf3 51. Be5+ Kg6 52. a7 Rf8 53. Bb8 Rxb2 54. a8Q Rfxb8 55. Qe4+ Kg5 56. Ra5+ Kf6 57. Ra6+ Kf7 58. Qe6+ Kf8 59. Qf6+ Ke8 60. Re6+ Kd7 61. Re7+ Kd8 62. Qf8# 1-0

[Event "SVK-chT2C 0708"]
[Site "Slovakia"]
[Date "2007.10.07"]
[Round "2.4"]
[White "Svana, Peter"]
[Black "Gajdosik, Vladislav"]
[Result "1-0"]
[WhiteElo "2280"]
[BlackElo "2097"]
[PlyCount "93"]
[EventDate "2007.10.06"]
[EventType "team-tourn"]
[EventRounds "11"]
[EventCountry "SVK"]
[SourceTitle "EXT 2010"]
[Source "ChessBase"]
[SourceDate "2010.11.25"]
[SourceVersion "1"]
[SourceVersionDate "2010.11.25"]
[SourceQuality "1"]
[WhiteTeam "Zilina Central"]
[BlackTeam "Banska Bystrica CVC"]
[WhiteTeamCountry "SVK"]
[BlackTeamCountry "SVK"]

1. e4 e5 2. Nf3 Nc6 3. Bb5 a6 4. Ba4 Nf6 5. 0-0 Be7 6. Re1 b5 7. Bb3 d6 8. c3 0-0 9. h3 a5 10. d4 exd4 11. cxd4 a4 12. Bc2 Nb4 13. Nc3 Nxc2 14. Qxc2 Bd7 15. e5 dxe5 16. dxe5 Ne8 17. Nd5 Bh4 18. Rd1 Be7 19. Be3 h6 20. Nxe7+ Qxe7 21. Bc5 Qe6 22. Bxf8 Kxf8 23. Qc5+ Kg8 24. Qd5 Qxd5 25. Rxd5 Bc6 26. Rc5 Bxf3 27. gxf3 b4 28. Rb5 a3 29. Rxb4 c5 30. Rb3 axb2 31. Rxb2 Nc7 32. a4 Ne6 33. a5 Nd4 34. Kg2 c4 35. a6 c3 36. Rb7 c2 37. a7 Nc6 38. Rc1 Rxa7 39. Rxa7 Nxa7 40. Rxc2 Nb5 41. Rc4 g6 42. f4 Na3 43. Rc8+ Kg7 44. Kf3 Nb5 45. Ke4 h5 46. Rc5 Na3 47. Kd3 1-0

[Event "SVK-ch op-A"]
[Site "Banska Stiavnica"]
[Date "2007.07.15"]
[Round "9.54"]
[White "Sturdik, Igor"]
[Black "Gajdosik, Vladislav"]
[Result "1/2-1/2"]
[WhiteElo "2011"]
[BlackElo "2070"]
[PlyCount "39"]
[EventDate "2007.07.07"]
[EventType "swiss"]
[EventRounds "9"]
[EventCountry "SVK"]
[SourceTitle "EXT 2010"]
[Source "ChessBase"]
[SourceDate "2010.11.25"]
[SourceVersion "1"]
[SourceVersionDate "2010.11.25"]
[SourceQuality "1"]

1. e4 c5 2. Nf3 d6 3. d4 cxd4 4. Nxd4 Nf6 5. Nc3 a6 6. Bg5 e5 7. Bxf6 gxf6 8. Nf5 Be6 9. Ne3 Nc6 10. Ncd5 Bg7 11. c3 Ne7 12. Qd3 Nxd5 13. Nxd5 Bxd5 14. Qxd5 Qd7 15. g3 0-0 16. Rd1 Rfd8 17. h4 Rab8 18. Bh3 Qc7 19. 0-0 b5 20. Bg2 1/2-1/2

[Event "SVK-ch op-A"]
[Site "Banska Stiavnica"]
[Date "2007.07.09"]
[Round "3.57"]
[White "Gajdosik, Vladislav"]
[Black "Zentko, Ladislav"]
[Result "1/2-1/2"]
[WhiteElo "2070"]
[BlackElo "1960"]
[PlyCount "100"]
[EventDate "2007.07.07"]
[EventType "swiss"]
[EventRounds "9"]
[EventCountry "SVK"]
[SourceTitle "EXT 2010"]
[Source "ChessBase"]
[SourceDate "2010.11.25"]
[SourceVersion "1"]
[SourceVersionDate "2010.11.25"]
[SourceQuality "1"]

1. c4 Nf6 2. Nc3 c5 3. Nf3 g6 4. d4 cxd4 5. Nxd4 d6 6. e4 Bg7 7. f3 0-0 8. Be3 Nbd7 9. g4 Nc5 10. g5 Nh5 11. Nde2 f5 12. gxf6 Bxf6 13. Ng3 Bh4 14. Rg1 Nf4 15. Qd2 Nh3 16. Bxh3 Bxh3 17. 0-0-0 Kh8 18. f4 Bf6 19. e5 Bg7 20. exd6 exd6 21. Qxd6 Ne6 22. f5 Qxd6 23. Rxd6 gxf5 24. Rxe6 f4 25. Re7 fxe3 26. Nh5 Bh6 27. Kd1 Rad8+ 28. Nd5 Rf1+ 29. Rxf1 Bxf1 30. Ke1 Bxc4 31. Nxe3 Bxe3 32. Rxe3 Bxa2 33. Re7 Bb1 34. Rxb7 Re8+ 35. Kf2 Rf8+ 36. Ke3 Bg6 37. Nf4 Re8+ 38. Kf2 Rf8 39. Kg3 Ra8 40. Nxg6+ hxg6 41. Kg4 a5 42. Kg5 a4 43. Kxg6 Ra6+ 44. Kf5 a3 45. bxa3 Rxa3 46. Rb6 Ra8 47. Kg6 Rg8+ 48. Kh6 Ra8 49. h4 Rc8 50. h5 Ra8 1/2-1/2

[Event "SVK-ch op-A"]
[Site "Banska Stiavnica"]
[Date "2007.07.07"]
[Round "1"]
[White "Gajdosik, Vladislav"]
[Black "Havlicek, Libor"]
[Result "0-1"]
[WhiteElo "2070"]
[BlackElo "2361"]
[PlyCount "84"]
[EventDate "2007.07.07"]
[EventType "swiss"]
[EventRounds "9"]
[EventCountry "SVK"]
[SourceTitle "CBM 119 Extra"]
[Source "ChessBase"]
[SourceDate "2007.09.04"]
[SourceVersion "1"]
[SourceVersionDate "2007.09.04"]
[SourceQuality "1"]

1. e4 d6 2. d4 Nf6 3. Nc3 g6 4. f4 c6 5. Nf3 Bg7 6. e5 Nd5 7. Nxd5 cxd5 8. Bd3 Nc6 9. c3 0-0 10. 0-0 dxe5 11. fxe5 f5 12. Qe1 e6 13. Qg3 Bd7 14. Kh1 Rb8 15. a4 Na5 16. Bg5 Qe8 17. Qh4 Rf7 18. Bf6 h6 19. Bxg7 Kxg7 20. b4 Nc4 21. Bxc4 dxc4 22. a5 Bc6 23. Qg3 Qd8 24. Rf2 Kh7 25. Raf1 g5 26. Nd2 Qd5 27. Qe3 b6 28. axb6 axb6 29. Qe2 b5 30. Qh5 Rg7 31. Qf3 Ra8 32. Qxd5 Bxd5 33. Nb1 Ra1 34. Kg1 Rga7 35. Nd2 R7a3 36. Rxa1 Rxa1+ 37. Rf1 Ra2 38. Rd1 Rc2 39. Nf3 Rxc3 40. Ne1 Rb3 41. Ra1 Rxb4 42. Ra7+ Kg6 0-1

[Event "SVK-chB op"]
[Site "Zvolen"]
[Date "2000.09.02"]
[Round "8"]
[White "Gajdosik, Vladislav"]
[Black "Skreno, Vladimir"]
[Result "1/2-1/2"]
[WhiteElo "2069"]
[BlackElo "2121"]
[PlyCount "54"]
[EventDate "2000.08.27"]
[EventType "swiss"]
[EventRounds "9"]
[EventCountry "SVK"]
[SourceTitle "EXT 2001"]
[Source "ChessBase"]
[SourceDate "2000.11.22"]
[SourceVersion "1"]
[SourceVersionDate "2000.11.22"]
[SourceQuality "1"]

1. Nf3 Nf6 2. g3 d5 3. Bg2 g6 4. d3 Bg7 5. 0-0 0-0 6. c3 c6 7. Qc2 Re8 8. e4 e5 9. b4 Nbd7 10. a4 c5 11. b5 a5 12. c4 d4 13. Nh4 Nh5 14. Nf3 Nf8 15. Ra2 Ra7 16. Bg5 f6 17. Bd2 b6 18. Qd1 Bg4 19. h3 Be6 20. Nh4 Bh8 21. Kh2 Rae7 22. f4 exf4 23. gxf4 Qc7 24. Qf3 Bf7 25. Kh1 Bg7 26. Qg4 Ne6 27. Rf2 Rf8 1/2-1/2

[Event "SVK-chB op"]
[Site "Zvolen"]
[Date "2000.08.31"]
[Round "6"]
[White "Gajdosik, Vladislav"]
[Black "Hebelka, Milos"]
[Result "0-1"]
[WhiteElo "2069"]
[BlackElo "2150"]
[PlyCount "126"]
[EventDate "2000.08.27"]
[EventType "swiss"]
[EventRounds "9"]
[EventCountry "SVK"]
[SourceTitle "EXT 2001"]
[Source "ChessBase"]
[SourceDate "2000.11.22"]
[SourceVersion "1"]
[SourceVersionDate "2000.11.22"]
[SourceQuality "1"]

1. Nf3 d5 2. g3 Nd7 3. Bg2 e5 4. d3 Bd6 5. e4 dxe4 6. dxe4 Ngf6 7. Nbd2 Nb6 8. 0-0 0-0 9. c3 a5 10. Qc2 a4 11. Nh4 g6 12. Rd1 Qe7 13. Nf1 Nh5 14. Bh6 Re8 15. Qe2 Be6 16. Ne3 c6 17. Nef5 gxf5 18. Qxh5 f6 19. exf5 Bd5 20. c4 Nxc4 21. Bxd5+ cxd5 22. Rxd5 Rec8 23. Qe2 Rc6 24. Rad1 Kh8 25. b3 axb3 26. axb3 Nb6 27. R5d3 Qc7 28. Be3 Bc5 29. Bxc5 Rxc5 30. Rd6 Rc6 31. Qd2 Rc8 32. Rxc6 bxc6 33. Ng2 Nd5 34. Ne3 Rd8 35. Ng4 Qg7 36. Qa5 Rg8 37. Ne3 Nxe3 38. fxe3 Qg4 39. Rf1 Qe4 40. Qc3 h5 41. Rf2 h4 42. Rg2 Qb1+ 43. Kf2 Qxf5+ 44. Ke2 Ra8 45. Qd2 h3 46. Rg1 Qg4+ 47. Kf2 e4 48. Rf1 Kg7 49. Kg1 Qe6 50. Qb4 Ra2 51. Qb7+ Kg6 52. Qb8 Rg2+ 53. Kh1 Rb2 54. b4 c5 55. g4 cxb4 56. Qg3 Rg2 57. Qxh3 Rxg4 58. Rb1 b3 59. Qh8 Rg5 60. Qb8 Rd5 61. Qxb3 Qf5 62. Rg1+ Kh5 63. h4 Qf3+ 0-1

[Event "SVK-chB op"]
[Site "Zvolen"]
[Date "2000.08.29"]
[Round "4"]
[White "Gajdosik, Vladislav"]
[Black "Nagy, Attila"]
[Result "1/2-1/2"]
[WhiteElo "2069"]
[BlackElo "2181"]
[PlyCount "39"]
[EventDate "2000.08.27"]
[EventType "swiss"]
[EventRounds "9"]
[EventCountry "SVK"]
[SourceTitle "EXT 2001"]
[Source "ChessBase"]
[SourceDate "2000.11.22"]
[SourceVersion "1"]
[SourceVersionDate "2000.11.22"]
[SourceQuality "1"]

1. d4 Nf6 2. c4 e6 3. Nc3 d5 4. cxd5 exd5 5. Bg5 Be7 6. Qc2 0-0 7. e3 c6 8. Bd3 h6 9. Bh4 a5 10. Nf3 Na6 11. a3 Nc7 12. 0-0 Nce8 13. Rab1 Nd6 14. b4 axb4 15. axb4 b5 16. Ne5 Qb6 17. f4 Re8 18. Rf3 Ng4 19. Bxe7 Rxe7 20. Rg3 1/2-1/2

[Event "SVK-ch"]
[Site "Prievidza"]
[Date "1998.07.05"]
[Round "9.51"]
[White "Gajdosik, Vladislav"]
[Black "Prielozny, Stanislav"]
[Result "0-1"]
[WhiteElo "1920"]
[BlackElo "2133"]
[PlyCount "72"]
[EventDate "1998.06.27"]
[EventType "swiss"]
[EventRounds "9"]
[EventCountry "SVK"]
[SourceTitle "EXT 1999"]
[Source "ChessBase"]
[SourceDate "1998.11.16"]
[SourceVersion "1"]
[SourceVersionDate "1998.11.16"]
[SourceQuality "1"]

1. Nf3 Nf6 2. c4 c6 3. g3 d5 4. Bg2 Bf5 5. cxd5 cxd5 6. d3 Qc8 7. Bg5 Nc6 8. Qb3 h6 9. Bxf6 gxf6 10. Nc3 d4 11. Ne4 Be6 12. Qa4 f5 13. Nc5 Bd5 14. 0-0 Bg7 15. Rac1 0-0 16. Nb3 Qd8 17. Nh4 e6 18. Bxd5 Qxd5 19. Rc5 Qd6 20. Rfc1 a6 21. Nf3 Rfd8 22. Nbd2 Bf6 23. b4 Qf8 24. b5 axb5 25. Qxb5 Rxa2 26. Qxb7 Ne7 27. Qb3 Rda8 28. R5c2 R2a7 29. Rb1 Nd5 30. Rbb2 Ra3 31. Qc4 Rc3 32. Qb5 Rac8 33. Nc4 Kg7 34. Nfd2 Rxc2 35. Rxc2 Nc3 36. Nf3 Nxb5 0-1

[Event "SVK-ch"]
[Site "Prievidza"]
[Date "1998.07.04"]
[Round "8.58"]
[White "Hrcka, Pavol"]
[Black "Gajdosik, Vladislav"]
[Result "0-1"]
[WhiteElo "1868"]
[BlackElo "1920"]
[PlyCount "74"]
[EventDate "1998.06.27"]
[EventType "swiss"]
[EventRounds "9"]
[EventCountry "SVK"]
[SourceTitle "EXT 1999"]
[Source "ChessBase"]
[SourceDate "1998.11.16"]
[SourceVersion "1"]
[SourceVersionDate "1998.11.16"]
[SourceQuality "1"]

1. e4 c5 2. Nf3 d6 3. d4 cxd4 4. Nxd4 Nf6 5. Nc3 a6 6. Bg5 Nbd7 7. Bxf6 Nxf6 8. Be2 g6 9. 0-0 Bg7 10. Kh1 0-0 11. Qd3 Nd7 12. Rad1 Ne5 13. Qg3 Nc6 14. Nxc6 bxc6 15. f4 Qa5 16. Bc4 Rb8 17. Bb3 Qh5 18. h3 a5 19. Qe3 c5 20. Nd5 Rb7 21. Nc3 Bd7 22. Rd5 Qh6 23. Ne2 Be6 24. Rg5 c4 25. Ba4 Rxb2 26. Rxa5 Rxa2 27. Rb1 Bd7 28. Qa7 Bxa4 29. Rxa4 Rxc2 30. Ra2 Rxa2 31. Qxa2 c3 32. Rb7 Qh4 33. Rb1 Qf2 34. Nxc3 Qxf4 35. Nd5 Qxe4 36. Rb4 Qe1+ 37. Kh2 Be5+ 0-1

[Event "SVK-ch"]
[Site "Prievidza"]
[Date "1998.07.02"]
[Round "6.45"]
[White "Gajdosik, Vladislav"]
[Black "Tokovic, Svetozar"]
[Result "0-1"]
[WhiteElo "1920"]
[BlackElo "2130"]
[PlyCount "88"]
[EventDate "1998.06.27"]
[EventType "swiss"]
[EventRounds "9"]
[EventCountry "SVK"]
[SourceTitle "EXT 1999"]
[Source "ChessBase"]
[SourceDate "1998.11.16"]
[SourceVersion "1"]
[SourceVersionDate "1998.11.16"]
[SourceQuality "1"]

1. d4 Nf6 2. c4 e6 3. g3 d5 4. Bg2 c6 5. Nf3 Nbd7 6. 0-0 Bd6 7. Bg5 h6 8. Bxf6 Nxf6 9. Qc2 0-0 10. Nc3 b6 11. e4 dxe4 12. Nxe4 Nxe4 13. Qxe4 Bb7 14. Rfd1 Qe7 15. Ne5 Rac8 16. c5 Bxe5 17. Qxe5 Rfd8 18. Rac1 Qc7 19. Qe2 Rd7 20. Qc4 Rcd8 21. Qa4 b5 22. Qb4 a5 23. Qc3 b4 24. Qe3 e5 25. f4 exd4 26. Qd3 Re7 27. Re1 Qd7 28. Rxe7 Qxe7 29. Kf2 Qf6 30. a3 bxa3 31. bxa3 Bc8 32. Be4 Qe6 33. Re1 Qd7 34. Rb1 Qe7 35. Qc2 Ba6 36. Re1 d3 37. Bxd3 Bxd3 38. Qc3 Qd7 39. Qxa5 Qd4+ 40. Kf3 f5 41. g4 fxg4+ 42. Kxg4 Rf8 43. Qc7 Qf2 44. Qe5 Bf5+ 0-1

[Event "SVK-ch"]
[Site "Prievidza"]
[Date "1998.06.30"]
[Round "4.44"]
[White "Gajdosik, Vladislav"]
[Black "Nahalka, Jan"]
[Result "1-0"]
[WhiteElo "1920"]
[BlackElo "2060"]
[PlyCount "83"]
[EventDate "1998.06.27"]
[EventType "swiss"]
[EventRounds "9"]
[EventCountry "SVK"]
[SourceTitle "EXT 1999"]
[Source "ChessBase"]
[SourceDate "1998.11.16"]
[SourceVersion "1"]
[SourceVersionDate "1998.11.16"]
[SourceQuality "1"]

1. d4 d5 2. c4 e6 3. Nc3 Nf6 4. cxd5 exd5 5. Bg5 Nbd7 6. e3 Be7 7. Bd3 c6 8. Nf3 0-0 9. Qc2 Re8 10. 0-0-0 Nf8 11. Ne5 Ng4 12. Bxe7 Qxe7 13. Nxg4 Bxg4 14. Rdg1 a5 15. h3 Bd7 16. g4 a4 17. g5 b5 18. h4 b4 19. Nxa4 c5 20. Nxc5 Rxa2 21. Qb3 Raa8 22. Qxd5 Rec8 23. Qe4 Rxc5+ 24. dxc5 Qxc5+ 25. Qc4 Qe5 26. Qxb4 Rb8 27. Qd4 Qc7+ 28. Kd2 Qa5+ 29. Ke2 Bf5 30. Bxf5 Qxf5 31. Rc1 Ne6 32. Qc3 Qg4+ 33. Ke1 Qe4 34. Qc6 Qb4+ 35. Qc3 Qe4 36. Qc6 Qb4+ 37. Kf1 Qxb2 38. Rc2 Qe5 39. Kg2 h6 40. gxh6 gxh6 41. Rg1 Kh7 42. Rc4 1-0

[Event "SVK-ch"]
[Site "Prievidza"]
[Date "1998.06.29"]
[Round "3.42"]
[White "Rachela, Milan"]
[Black "Gajdosik, Vladislav"]
[Result "1-0"]
[WhiteElo "2075"]
[BlackElo "1920"]
[PlyCount "69"]
[EventDate "1998.06.27"]
[EventType "swiss"]
[EventRounds "9"]
[EventCountry "SVK"]
[SourceTitle "EXT 1999"]
[Source "ChessBase"]
[SourceDate "1998.11.16"]
[SourceVersion "1"]
[SourceVersionDate "1998.11.16"]
[SourceQuality "1"]

1. d4 Nf6 2. c4 c6 3. Nf3 d5 4. Qc2 g6 5. e3 Bf5 6. Bd3 Bxd3 7. Qxd3 Bg7 8. 0-0 0-0 9. Nc3 Nbd7 10. e4 dxe4 11. Nxe4 Nxe4 12. Qxe4 Re8 13. Ne5 f5 14. Qe2 Nxe5 15. dxe5 Qd4 16. Re1 Rad8 17. Bg5 h6 18. Rad1 Qc5 19. Bd2 b5 20. cxb5 Qxb5 21. Qxb5 cxb5 22. Bc3 e6 23. Kf1 Kf7 24. Ke2 Bf8 25. Ba5 Rc8 26. Rc1 Bc5 27. Red1 Ke7 28. Rxc5 Rxc5 29. Bb4 Rec8 30. Rc1 Kd7 31. Rxc5 Rxc5 32. Bxc5 a5 33. Kd3 Kc6 34. Kd4 b4 35. Kc4 1-0